Normal view
MARC view
- STIMSON, R. DOUGLAS
Entry Personal Name
001 - CONTROL NUMBER
- control field: 86982
003 - CONTROL NUMBER IDENTIFIER
- control field: NUST
005 - DATE AND TIME OF LATEST TRANSACTION
- control field: 20211223122825.0
008 - FIXED-LENGTH DATA ELEMENTS
- fixed length control field: 211223|| aca||aabn | a|a d
040 ## - CATALOGING SOURCE
- Original cataloging agency: NUST
- Transcribing agency: NUST
100 ## - HEADING--PERSONAL NAME
- Personal name: STIMSON, R. DOUGLAS
670 ## - SOURCE DATA FOUND
- Source citation: Work cat.: (NUST): STIMSON, R. DOUGLAS., CRYPTOGRAPHY, THEORY AND PRACTICE /, 2019.
